[Event "FIDE Womens World Cup 2021"]
[Site "Sochi"]
[Date "2021.07.15"]
[Round "2.1"]
[White "Muzychuk, Anna"]
[Black "Abrahamyan, Tatev"]
[Result "1-0"]
[WhiteElo "2527"]
[BlackElo "2352"]
[Annotator "ChessBase"]
[PlyCount "175"]
[EventDate "2021.07.12"]
[EventType "k.o."]
[EventCountry "RUS"]
[SourceTitle "playchess.com"]
[Source "ChessBase"]
[SourceQuality "1"]
[TimeControl "40/5400+30:1800+30"]

1. e4 {[%emt 0:00:03]} e6 {[%emt 0:00:05]} 2. d4 {[%emt 0:00:07]} d5 {[%emt 0:00:05]} 3. Nc3 {[%emt 0:00:06]} Bb4 {[%emt 0:00:07]} 4. e5 {[%emt 0:00:06]} c5 {[%emt 0:00:08]} 5. a3 {[%emt 0:00:11]} Bxc3+ {[%emt 0:00:05]} 6. bxc3 {[%emt 0:00:07]} Ne7 {[%emt 0:00:09]} 7. a4 {[%emt 0:00:17]} Qc7 {[%emt 0:01:03]} 8. Nf3 {[%emt 0:01:25]} h6 {[%emt 0:00:53]} 9. h4 {[%emt 0:01:05]} b6 {[%emt 0:07:19]} 10. Bb5+ {[%emt 0:01:27]} Bd7 {[%emt 0:04:38]} 11. Be2 {[%emt 0:02:44]} Nbc6 {[%emt 0:15:27]} 12. O-O {[%emt 0:04:45]} O-O {[%emt 0:05:12]} 13. Bf4 {[%emt 0:10:24]} f5 {[%emt 0:09:10]} 14. exf6 {[%emt 0:05:10]} Qxf4 {[%emt 0:01:28]} 15. fxe7 {[%emt 0:00:04]} Rf7 {[%emt 0:02:17]} 16. Bb5 {[%emt 0:07:59]} Rxe7 {[%emt 0:03:40]} 17. Bxc6 {[%emt 0:03:56]} Bxc6 {[%emt 0:00:06]} 18. Ne5 {[%emt 0:03:15]} Be8 {[%emt 0:00:36]} 19. a5 {[%emt 0:12:06]} Rc8 {[%emt 0:13:05]} 20. axb6 {[%emt 0:05:48]} axb6 {[%emt 0:00:17]} 21. g3 {[%emt 0:08:22]} Qf5 {[%emt 0:08:41]} 22. Re1 {[%emt 0:06:09]} Rec7 {[%emt 0:10:10]} 23. Re3 {[%emt 0:03:05]} b5 {[%emt 0:09:36]} 24. dxc5 {[%emt 0:14:06]} Rxc5 {[%emt 0:00:24]} 25. Qd4 {[%emt 0:00:25]} R5c7 {[%emt 0:03:58]} 26. Ra6 {[%emt 0:03:42]} Qxc2 {[%emt 0:01:42]} 27. Rxe6 {[%emt 0:00:32]} Bf7 {[%emt 0:00:47]} 28. Rd6 {[%emt 0:04:37]} Ra8 {[%emt 0:01:37]} 29. Kg2 {[%emt 0:01:45]} Kh7 {[%emt 0:01:30]} 30. Rf3 {[%emt 0:00:59]} Bh5 {[%emt 0:00:22]} 31. g4 {[%emt 0:00:35]} Ra4 {[%emt 0:00:33]} 32. Qb6 {[%emt 0:00:25]} Bxg4 {[%emt 0:00:37]} 33. Qxc7 {[%emt 0:00:38]} Bxf3+ {[%emt 0:00:11]} 34. Nxf3 {[%emt 0:00:04]} Rg4+ {[%emt 0:00:39]} 35. Kh3 {[%emt 0:00:51]} Qf5 {[%emt 0:00:30]} 36. Rf6 {[%emt 0:00:12]} Rxh4+ {[%emt 0:00:34]} 37. Kxh4 {[%emt 0:00:06]} Qxf6+ {[%emt 0:00:02]} 38. Kg3 {[%emt 0:00:17]} Qg6+ {[%emt 0:00:46]} 39. Kh2 {[%emt 0:00:19]} Qh5+ {[%emt 0:00:48]} 40. Kg2 {[%emt 0:00:19]} b4 {[%emt 0:00:28]} 41. cxb4 {[%emt 0:05:42]} Qg4+ {[%emt 0:01:42]} 42. Qg3 {[%emt 0:00:03]} Qxb4 {[%emt 0:00:05]} 43. Qh4 {[%emt 0:03:16]} Qd6 {[%emt 0:10:05]} 44. Qg4 {[%emt 0:01:57]} Qg6 {[%emt 0:08:12]} 45. Kh3 {[%emt 0:00:55]} Qf6 {[%emt 0:01:17]} 46. Qh5 {[%emt 0:02:58]} Qe6+ {[%emt 0:04:09]} 47. Kg3 {[%emt 0:00:06]} Kg8 {[%emt 0:04:16]} 48. Qe5 {[%emt 0:04:00]} Kf7 {[%emt 0:00:59]} 49. Qf4+ {[%emt 0:02:13]} Qf6 {[%emt 0:00:55]} 50. Qc7+ {[%emt 0:02:47]} Kg8 {[%emt 0:00:06]} 51. Qb8+ {[%emt 0:02:11]} Kh7 {[%emt 0:00:09]} 52. Qe5 {[%emt 0:00:33]} Qg6+ {[%emt 0:00:42]} 53. Kf4 {[%emt 0:00:42]} Qc6 {[%emt 0:01:03]} 54. Qf5+ {[%emt 0:02:34]} Kg8 {[%emt 0:01:05]} 55. Nd4 {[%emt 0:00:24]} Qc7+ {[%emt 0:00:27]} 56. Kg4 {[%emt 0:05:15]} Qc4 {[%emt 0:01:42]} 57. Qe5 {[%emt 0:01:30]} Kh7 {[%emt 0:00:34]} 58. Qf4 {[%emt 0:01:35]} Qf1 {[%emt 0:00:45]} 59. Kf5 {[%emt 0:01:29]} Qe1 {[%emt 0:00:25]} 60. Qe3 {[%emt 0:00:44]} Qb1+ {[%emt 0:01:04]} 61. Ke5 {[%emt 0:00:15]} Qa2 {[%emt 0:00:17]} 62. Qf3 {[%emt 0:00:33]} Kh8 {[%emt 0:00:42]} 63. Ke6 {[%emt 0:00:53]} Kh7 {[%emt 0:00:39]} 64. Qf5+ {[%emt 0:00:19]} Kh8 {[%emt 0:00:34]} 65. Kd6 {[%emt 0:00:28]} Qa6+ {[%emt 0:00:40]} 66. Kxd5 {[%emt 0:00:25]} Qb7+ {[%emt 0:00:15]} 67. Ke5 {[%emt 0:00:18]} Qc7+ {[%emt 0:00:15]} 68. Ke4 {[%emt 0:00:09]} Qe7+ {[%emt 0:00:18]} 69. Kf3 {[%emt 0:00:15]} Qb7+ {[%emt 0:00:48]} 70. Kg3 {[%emt 0:00:12]} Qc7+ {[%emt 0:00:10]} 71. Qf4 {[%emt 0:00:44]} Qe7 {[%emt 0:00:44]} 72. Nf3 {[%emt 0:00:33]} Qe6 {[%emt 0:00:30]} 73. Ne5 {[%emt 0:00:54]} Qb3+ {[%emt 0:00:48]} 74. Kh2 {[%emt 0:00:06]} Qe6 {[%emt 0:00:07]} 75. Qe4 {[%emt 0:00:41]} Kg8 {[%emt 0:00:51]} 76. Qc4 {[%emt 0:00:38]} Qxc4 {[%emt 0:00:04]} 77. Nxc4 {[%emt 0:00:01]} Kf7 {[%emt 0:00:05]} 78. Kg3 {[%emt 0:00:13]} Kf6 {[%emt 0:00:21]} 79. Kf4 {[%emt 0:00:39]} g6 {[%emt 0:00:52]} 80. Ne3 {[%emt 0:00:52]} g5+ {[%emt 0:01:03]} 81. Ke4 {[%emt 0:00:04]} h5 {[%emt 0:00:34]} 82. Nf5 {[%emt 0:01:34]} Kg6 {[%emt 0:00:32]} 83. Ne3 {[%emt 0:00:31]} Kf6 {[%emt 0:00:06]} 84. Nf1 {[%emt 0:00:37]} Kg6 {[%emt 0:00:49]} 85. Ke5 {[%emt 0:00:27]} g4 {[%emt 0:00:47]} 86. Kf4 {[%emt 0:00:09]} Kf6 {[%emt 0:00:10]} 87. Ne3 {[%emt 0:00:25]} Kg6 {[%emt 0:00:04]} 88. Nxg4 {[%emt 0:00:32]} 1-0

[Event "FIDE Womens World Cup 2021"]
[Site "Sochi"]
[Date "2021.07.15"]
[Round "2.1"]
[White "Harika, Dronavalli"]
[Black "Aulia, Medina Warda"]
[Result "1-0"]
[WhiteElo "2515"]
[BlackElo "2360"]
[Annotator "ChessBase"]
[PlyCount "95"]
[EventDate "2021.07.12"]
[EventType "k.o."]
[EventCountry "RUS"]
[SourceTitle "playchess.com"]
[Source "ChessBase"]
[SourceQuality "1"]
[TimeControl "40/5400+30:1800+30"]

1. e4 {[%emt 0:00:06]} e5 {[%emt 0:00:43]} 2. Nf3 {[%emt 0:00:14]} Nc6 {[%emt 0:00:07]} 3. Bb5 {[%emt 0:00:19]} a6 {[%emt 0:00:16]} 4. Ba4 {[%emt 0:00:07]} b5 {[%emt 0:00:21]} 5. Bb3 {[%emt 0:00:11]} Na5 {[%emt 0:01:14]} 6. O-O {[%emt 0:01:18]} d6 {[%emt 0:00:14]} 7. d4 {[%emt 0:00:24]} exd4 {[%emt 0:00:20]} 8. Re1 {[%emt 0:00:57]} Nxb3 {[%emt 0:12:16]} 9. axb3 {[%emt 0:00:31]} c5 {[%emt 0:12:23]} 10. c3 {[%emt 0:00:49]} d3 {[%emt 0:00:42]} 11. Qxd3 {[%emt 0:07:04]} Be7 {[%emt 0:02:57]} 12. c4 {[%emt 0:05:04]} b4 {[%emt 0:02:53]} 13. e5 {[%emt 0:31:27]} Be6 {[%emt 0:07:46]} 14. exd6 {[%emt 0:05:37]} Qxd6 {[%emt 0:00:25]} 15. Qe4 {[%emt 0:08:09]} Ra7 {[%emt 0:08:18]} 16. Bf4 {[%emt 0:00:51]} Qb6 {[%emt 0:00:07]} 17. Ne5 {[%emt 0:06:06]} Nf6 {[%emt 0:02:00]} 18. Qc6+ {[%emt 0:00:09]} Qxc6 {[%emt 0:01:13]} 19. Nxc6 {[%emt 0:00:12]} Ra8 {[%emt 0:00:19]} 20. Nd2 {[%emt 0:01:19]} Bf8 {[%emt 0:08:59]} 21. Nb8 {[%emt 0:08:37]} a5 {[%emt 0:03:11]} 22. Nf3 {[%emt 0:07:14]} Nh5 {[%emt 0:02:52]} 23. Bc7 {[%emt 0:06:31]} Be7 {[%emt 0:07:22]} 24. Rxa5 {[%emt 0:02:14]} Rxa5 {[%emt 0:00:04]} 25. Bxa5 {[%emt 0:00:02]} Bd6 {[%emt 0:02:10]} 26. Rd1 {[%emt 0:00:40]} Be7 {[%emt 0:12:19]} 27. Nc6 {[%emt 0:00:29]} f6 {[%emt 0:00:11]} 28. Bb6 {[%emt 0:01:48]} g5 {[%emt 0:02:53]} 29. Re1 {[%emt 0:01:15]} Ng7 {[%emt 0:01:36]} 30. Nxe7 {[%emt 0:00:23]} Kxe7 {[%emt 0:00:02]} 31. Bxc5+ {[%emt 0:00:05]} Kf7 {[%emt 0:00:04]} 32. Nd4 {[%emt 0:00:13]} Rb8 {[%emt 0:00:28]} 33. Nb5 {[%emt 0:01:23]} Kg6 {[%emt 0:02:04]} 34. Bd6 {[%emt 0:00:25]} Rb7 {[%emt 0:00:24]} 35. Bf8 {[%emt 0:00:40]} Bd7 {[%emt 0:02:55]} 36. Nd6 {[%emt 0:00:07]} Ra7 {[%emt 0:00:04]} 37. Bxg7 {[%emt 0:00:34]} Kxg7 {[%emt 0:00:18]} 38. Re7+ {[%emt 0:01:09]} Kg6 {[%emt 0:02:05]} 39. f3 {[%emt 0:00:39]} Ra1+ {[%emt 0:00:08]} 40. Kf2 {[%emt 0:00:04]} Bf5 {[%emt 0:00:03]} 41. Nxf5 {[%emt 0:31:17]} Kxf5 {[%emt 0:30:12]} 42. g4+ {[%emt 0:00:45]} Kg6 {[%emt 0:00:05]} 43. Rb7 {[%emt 0:00:53]} Rb1 {[%emt 0:00:17]} 44. Rxb4 {[%emt 0:00:10]} Rxb2+ {[%emt 0:00:04]} 45. Kg3 {[%emt 0:01:23]} h5 {[%emt 0:01:27]} 46. gxh5+ {[%emt 0:00:04]} Kxh5 {[%emt 0:00:03]} 47. Rb5 {[%emt 0:00:11]} Rc2 {[%emt 0:00:55]} 48. h4 {[%emt 0:00:17]} 1-0

[Event "FIDE Womens World Cup 2021"]
[Site "Sochi"]
[Date "2021.07.15"]
[Round "2.1"]
[White "Khademalsharieh, Sarasadat"]
[Black "Padmini, Rout"]
[Result "1/2-1/2"]
[WhiteElo "2494"]
[BlackElo "2370"]
[Annotator "ChessBase"]
[PlyCount "29"]
[EventDate "2021.07.12"]
[EventType "k.o."]
[EventCountry "RUS"]
[SourceTitle "playchess.com"]
[Source "ChessBase"]
[SourceQuality "1"]
[TimeControl "40/5400+30:1800+30"]

1. d4 {[%emt 0:00:04]} Nf6 {[%emt 0:00:14]} 2. c4 {[%emt 0:00:09]} g6 {[%emt 0:00:31]} 3. Nc3 {[%emt 0:00:12]} d5 {[%emt 0:00:14]} 4. cxd5 {[%emt 0:00:19]} Nxd5 {[%emt 0:00:08]} 5. e4 {[%emt 0:00:11]} Nxc3 {[%emt 0:00:09]} 6. bxc3 {[%emt 0:00:06]} Bg7 {[%emt 0:00:06]} 7. Nf3 {[%emt 0:00:26]} c5 {[%emt 0:00:10]} 8. h3 {[%emt 0:00:20]} O-O {[%emt 0:01:33]} 9. Be3 {[%emt 0:00:46]} Qa5 {[%emt 0:00:41]} 10. Bd2 {[%emt 0:00:58]} Qa3 {[%emt 0:13:47]} 11. Qc1 {[%emt 0:21:54]} Qa4 {[%emt 0:04:22]} 12. Qd1 {[%emt 0:13:55]} Qa3 {[%emt 0:05:14]} 13. Qc1 {[%emt 0:01:43]} Qa4 {[%emt 0:04:27]} 14. Qd1 {[%emt 0:00:23]} Qa3 {[%emt 0:06:33]} 15. Qc1 {[%emt 0:01:06]} 1/2-1/2

[Event "FIDE Womens World Cup 2021"]
[Site "Sochi"]
[Date "2021.07.15"]
[Round "2.1"]
[White "Shuvalova, Polina"]
[Black "Munkhzul, Turmunkh"]
[Result "1-0"]
[WhiteElo "2489"]
[BlackElo "2278"]
[Annotator "ChessBase"]
[PlyCount "105"]
[EventDate "2021.07.12"]
[EventType "k.o."]
[EventCountry "RUS"]
[SourceTitle "playchess.com"]
[Source "ChessBase"]
[SourceQuality "1"]
[TimeControl "40/5400+30:1800+30"]

1. e4 {[%emt 0:00:05]} e5 {[%emt 0:00:23]} 2. Nf3 {[%emt 0:00:18]} Nf6 {[%emt 0:00:28]} 3. Nxe5 {[%emt 0:00:12]} d6 {[%emt 0:00:15]} 4. Nf3 {[%emt 0:00:10]} Nxe4 {[%emt 0:00:15]} 5. d4 {[%emt 0:00:12]} d5 {[%emt 0:00:34]} 6. Bd3 {[%emt 0:00:08]} Nc6 {[%emt 0:00:44]} 7. O-O {[%emt 0:00:33]} Be7 {[%emt 0:00:55]} 8. Nbd2 {[%emt 0:00:24]} Nxd2 {[%emt 0:01:47]} 9. Bxd2 {[%emt 0:00:13]} Bg4 {[%emt 0:02:11]} 10. c3 {[%emt 0:00:17]} O-O {[%emt 0:06:24]} 11. h3 {[%emt 0:01:03]} Bh5 {[%emt 0:02:13]} 12. g3 {[%emt 0:00:08]} Qd7 {[%emt 0:01:03]} 13. Kg2 {[%emt 0:00:26]} Bg6 {[%emt 0:00:21]} 14. Bxg6 {[%emt 0:00:15]} fxg6 {[%emt 0:00:13]} 15. Bf4 {[%emt 0:00:14]} Bd6 {[%emt 0:03:34]} 16. Bxd6 {[%emt 0:01:33]} Qxd6 {[%emt 0:00:12]} 17. Qd3 {[%emt 0:01:42]} Rae8 {[%emt 0:02:15]} 18. Rae1 {[%emt 0:03:57]} a6 {[%emt 0:06:31]} 19. b4 {[%emt 0:03:04]} Rxe1 {[%emt 0:06:31]} 20. Rxe1 {[%emt 0:00:58]} Qf6 {[%emt 0:00:18]} 21. Re3 {[%emt 0:06:58]} h6 {[%emt 0:16:41]} 22. Qe2 {[%emt 0:02:42]} g5 {[%emt 0:05:44]} 23. a4 {[%emt 0:01:40]} Qd6 {[%emt 0:07:54]} 24. Ne1 {[%emt 0:04:53]} a5 {[%emt 0:05:46]} 25. Re6 {[%emt 0:02:53]} Qd7 {[%emt 0:00:41]} 26. b5 {[%emt 0:00:33]} Nd8 {[%emt 0:00:34]} 27. Re7 {[%emt 0:01:13]} Qd6 {[%emt 0:02:10]} 28. Nd3 {[%emt 0:02:55]} Rf7 {[%emt 0:02:53]} 29. Re8+ {[%emt 0:01:59]} Rf8 {[%emt 0:00:20]} 30. Re7 {[%emt 0:00:15]} Rf7 {[%emt 0:00:06]} 31. Re5 {[%emt 0:00:06]} Kh7 {[%emt 0:06:32]} 32. Qc2 {[%emt 0:13:23]} Qg6 {[%emt 0:03:06]} 33. Qe2 {[%emt 0:00:55]} Qd6 {[%emt 0:01:48]} 34. Qa2 {[%emt 0:09:21]} c6 {[%emt 0:00:31]} 35. b6 {[%emt 0:00:28]} Ne6 {[%emt 0:02:05]} 36. Qe2 {[%emt 0:01:05]} Rf6 {[%emt 0:00:15]} 37. Qe3 {[%emt 0:02:54]} Qd7 {[%emt 0:02:51]} 38. Nc1 {[%emt 0:06:44]} Qf7 {[%emt 0:02:18]} 39. Nb3 {[%emt 0:02:44]} Qg6 {[%emt 0:01:23]} 40. Qe2 {[%emt 0:04:39]} Nf4+ {[%emt 0:05:42]} 41. gxf4 {[%emt 0:31:42]} gxf4+ {[%emt 0:30:05]} 42. Kh2 {[%emt 0:08:56]} f3 {[%emt 0:00:10]} 43. Qf1 {[%emt 0:00:10]} Qc2 {[%emt 0:00:39]} 44. Nc5 {[%emt 0:01:22]} Rg6 {[%emt 0:03:52]} 45. Re3 {[%emt 0:10:08]} Qf5 {[%emt 0:00:00]} 46. Kh1 {[%emt 0:00:00]} Kg8 {[%emt 0:00:00]} 47. Nxb7 {[%emt 0:00:00]} Qf4 {[%emt 0:00:00]} 48. Nc5 {[%emt 0:00:00]} Rg2 {[%emt 0:00:00]} 49. Qxg2 {[%emt 0:00:00]} fxg2+ {[%emt 0:00:00]} 50. Kxg2 {[%emt 0:00:00]} Qg5+ {[%emt 0:00:00]} 51. Kf1 {[%emt 0:00:00]} Qg6 {[%emt 0:00:00]} 52. b7 {[%emt 0:00:00]} Qb1+ {[%emt 0:00:00]} 53. Re1 {[%emt 0:00:00]} 1-0

[Event "FIDE Womens World Cup 2021"]
[Site "Sochi"]
[Date "2021.07.15"]
[Round "2.1"]
[White "Saduakassova, Dinara"]
[Black "Yu, Jennifer"]
[Result "1-0"]
[WhiteElo "2483"]
[BlackElo "2289"]
[Annotator "ChessBase"]
[PlyCount "75"]
[EventDate "2021.07.12"]
[EventType "k.o."]
[EventCountry "RUS"]
[SourceTitle "playchess.com"]
[Source "ChessBase"]
[SourceQuality "1"]
[TimeControl "40/5400+30:1800+30"]

1. d4 {[%emt 0:00:35]} Nf6 {[%emt 0:00:20]} 2. c4 {[%emt 0:00:07]} e6 {[%emt 0:00:11]} 3. Nf3 {[%emt 0:00:05]} d5 {[%emt 0:00:35]} 4. Nc3 {[%emt 0:01:01]} dxc4 {[%emt 0:00:37]} 5. e3 {[%emt 0:05:08]} c5 {[%emt 0:01:56]} 6. Bxc4 {[%emt 0:00:44]} Nc6 {[%emt 0:01:38]} 7. O-O {[%emt 0:02:11]} a6 {[%emt 0:01:01]} 8. Qe2 {[%emt 0:07:32]} b5 {[%emt 0:06:03]} 9. Bb3 {[%emt 0:08:52]} Bb7 {[%emt 0:03:35]} 10. Rd1 {[%emt 0:05:41]} Qc7 {[%emt 0:02:55]} 11. d5 {[%emt 0:02:33]} exd5 {[%emt 0:04:35]} 12. Nxd5 {[%emt 0:01:27]} Nxd5 {[%emt 0:00:04]} 13. Bxd5 {[%emt 0:00:23]} Be7 {[%emt 0:00:06]} 14. a4 {[%emt 0:03:04]} b4 {[%emt 0:05:41]} 15. e4 {[%emt 0:08:16]} O-O {[%emt 0:03:49]} 16. Be3 {[%emt 0:01:29]} Rad8 {[%emt 0:05:11]} 17. Rac1 {[%emt 0:03:01]} Na5 {[%emt 0:02:05]} 18. h3 {[%emt 0:08:11]} Bxd5 {[%emt 0:16:01]} 19. Rxd5 {[%emt 0:03:14]} Rxd5 {[%emt 0:05:46]} 20. exd5 {[%emt 0:00:25]} Rd8 {[%emt 0:00:05]} 21. Qxa6 {[%emt 0:06:33]} Rxd5 {[%emt 0:00:42]} 22. Nd2 {[%emt 0:01:23]} h6 {[%emt 0:16:26]} 23. Qa8+ {[%emt 0:09:32]} Rd8 {[%emt 0:00:33]} 24. Qe4 {[%emt 0:00:11]} Qd7 {[%emt 0:08:41]} 25. Qg4 {[%emt 0:05:37]} Qxa4 {[%emt 0:06:05]} 26. Bxh6 {[%emt 0:01:24]} Bf6 {[%emt 0:02:02]} 27. Rxc5 {[%emt 0:05:08]} Nb3 {[%emt 0:01:48]} 28. Ne4 {[%emt 0:07:16]} Bxb2 {[%emt 0:02:02]} 29. Rc8 {[%emt 0:01:09]} Qa1+ {[%emt 0:03:09]} 30. Kh2 {[%emt 0:00:09]} Rxc8 31. Qxc8+ {[%emt 0:00:04]} Kh7 {[%emt 0:00:20]} 32. Bf4 {[%emt 0:02:30]} Qd1 {[%emt 0:01:11]} 33. Qf5+ {[%emt 0:00:34]} Kg8 {[%emt 0:00:06]} 34. Qc8+ {[%emt 0:00:40]} Kh7 {[%emt 0:00:03]} 35. Ng5+ {[%emt 0:00:40]} Kg6 {[%emt 0:01:40]} 36. Qb7 {[%emt 0:00:51]} f6 {[%emt 0:00:57]} 37. Qe4+ {[%emt 0:00:34]} f5 {[%emt 0:00:06]} 38. Qe8+ {[%emt 0:00:08]} 1-0

[Event "FIDE Womens World Cup 2021"]
[Site "Sochi"]
[Date "2021.07.15"]
[Round "2.1"]
[White "Kosteniuk, Alexandra"]
[Black "Cori T., Deysi"]
[Result "1-0"]
[WhiteElo "2472"]
[BlackElo "2388"]
[Annotator "ChessBase"]
[PlyCount "81"]
[EventDate "2021.07.12"]
[EventType "k.o."]
[EventCountry "RUS"]
[SourceTitle "playchess.com"]
[Source "ChessBase"]
[SourceQuality "1"]
[TimeControl "40/5400+30:1800+30"]

1. e4 {[%emt 0:00:04]} e6 {[%emt 0:00:15]} 2. d4 {[%emt 0:00:06]} d5 {[%emt 0:00:08]} 3. e5 {[%emt 0:00:13]} c5 {[%emt 0:01:41]} 4. c3 {[%emt 0:00:14]} Nc6 {[%emt 0:00:27]} 5. Nf3 {[%emt 0:00:14]} Nh6 {[%emt 0:06:29]} 6. Bxh6 {[%emt 0:00:53]} gxh6 {[%emt 0:00:06]} 7. Be2 {[%emt 0:04:25]} Qb6 {[%emt 0:13:19]} 8. Qd2 {[%emt 0:04:01]} Bg7 {[%emt 0:00:42]} 9. O-O {[%emt 0:02:25]} O-O {[%emt 0:00:22]} 10. Na3 {[%emt 0:01:18]} cxd4 {[%emt 0:11:03]} 11. cxd4 {[%emt 0:00:55]} f6 {[%emt 0:00:02]} 12. exf6 {[%emt 0:00:48]} Rxf6 {[%emt 0:00:06]} 13. Nc2 {[%emt 0:01:37]} Bd7 {[%emt 0:02:25]} 14. b4 {[%emt 0:05:23]} Rf7 {[%emt 0:06:58]} 15. a4 {[%emt 0:11:28]} Raf8 {[%emt 0:02:12]} 16. Ra3 {[%emt 0:05:43]} Ne7 {[%emt 0:05:51]} 17. Ne3 {[%emt 0:05:36]} Rf4 {[%emt 0:07:42]} 18. Nc2 {[%emt 0:04:32]} Kh8 {[%emt 0:07:44]} 19. g3 {[%emt 0:03:51]} R4f7 {[%emt 0:01:32]} 20. Bd1 {[%emt 0:06:18]} Nf5 {[%emt 0:09:24]} 21. Ne5 {[%emt 0:03:03]} Bxe5 {[%emt 0:03:04]} 22. dxe5 {[%emt 0:00:05]} Rg7 {[%emt 0:05:16]} 23. b5 {[%emt 0:04:46]} Qc7 {[%emt 0:06:02]} 24. Re1 {[%emt 0:04:48]} Qc5 {[%emt 0:00:12]} 25. Rc3 {[%emt 0:03:45]} Qb6 {[%emt 0:00:59]} 26. Rf3 {[%emt 0:00:56]} Rc8 {[%emt 0:03:41]} 27. Be2 {[%emt 0:02:44]} h5 {[%emt 0:02:41]} 28. Bd3 {[%emt 0:01:47]} Nd4 {[%emt 0:01:00]} 29. Nxd4 {[%emt 0:04:04]} Qxd4 {[%emt 0:00:02]} 30. Rf4 {[%emt 0:04:03]} Qc5 {[%emt 0:00:04]} 31. Kg2 {[%emt 0:06:27]} Kg8 {[%emt 0:00:18]} 32. Rf6 {[%emt 0:02:41]} Qa3 {[%emt 0:02:36]} 33. Re3 {[%emt 0:04:54]} Qxa4 {[%emt 0:00:17]} 34. Ref3 {[%emt 0:00:08]} a5 {[%emt 0:01:34]} 35. Qh6 {[%emt 0:01:22]} Qb4 {[%emt 0:00:02]} 36. R3f4 {[%emt 0:01:33]} Qa3 {[%emt 0:00:59]} 37. Rf3 {[%emt 0:00:25]} Qc5 {[%emt 0:00:32]} 38. Qxh5 {[%emt 0:00:09]} Be8 {[%emt 0:01:04]} 39. Bxh7+ {[%emt 0:01:18]} Rxh7 {[%emt 0:00:28]} 40. Qg4+ {[%emt 0:00:26]} Rg7 {[%emt 0:00:40]} 41. Qxe6+ {[%emt 0:30:26]} 1-0

[Event "FIDE Womens World Cup 2021"]
[Site "Sochi"]
[Date "2021.07.15"]
[Round "2.1"]
[White "Khotenashvili, Bela"]
[Black "Vaishali R"]
[Result "1-0"]
[WhiteElo "2471"]
[BlackElo "2393"]
[Annotator "ChessBase"]
[PlyCount "107"]
[EventDate "2021.07.12"]
[EventType "k.o."]
[EventCountry "RUS"]
[SourceTitle "playchess.com"]
[Source "ChessBase"]
[SourceQuality "1"]
[TimeControl "40/5400+30:1800+30"]

1. d4 {[%emt 0:00:05]} Nf6 {[%emt 0:00:19]} 2. c4 {[%emt 0:00:08]} g6 {[%emt 0:00:05]} 3. g3 {[%emt 0:00:25]} c6 {[%emt 0:00:14]} 4. Bg2 {[%emt 0:01:03]} d5 {[%emt 0:00:09]} 5. Qa4 {[%emt 0:00:05]} Nfd7 {[%emt 0:00:33]} 6. cxd5 {[%emt 0:00:11]} Nb6 {[%emt 0:00:04]} 7. Qd1 {[%emt 0:00:12]} cxd5 {[%emt 0:00:06]} 8. Nc3 {[%emt 0:00:32]} Nc6 {[%emt 0:00:36]} 9. Nf3 {[%emt 0:01:21]} Bg7 {[%emt 0:00:35]} 10. e3 {[%emt 0:11:29]} Bg4 {[%emt 0:11:00]} 11. h3 {[%emt 0:01:00]} Bxf3 {[%emt 0:00:07]} 12. Bxf3 {[%emt 0:01:04]} O-O {[%emt 0:01:02]} 13. O-O {[%emt 0:01:16]} Rc8 {[%emt 0:02:47]} 14. Bg2 {[%emt 0:11:19]} e6 {[%emt 0:11:44]} 15. Ne2 {[%emt 0:15:13]} a5 {[%emt 0:18:39]} 16. b3 {[%emt 0:05:36]} Qe7 {[%emt 0:02:41]} 17. a4 {[%emt 0:09:11]} Nb4 {[%emt 0:02:35]} 18. Ba3 {[%emt 0:00:09]} Rc7 {[%emt 0:00:52]} 19. Qd2 {[%emt 0:02:12]} Rfc8 {[%emt 0:00:50]} 20. Rfc1 {[%emt 0:01:02]} Bf8 {[%emt 0:02:09]} 21. Rxc7 {[%emt 0:07:20]} Rxc7 {[%emt 0:05:41]} 22. Nc3 {[%emt 0:01:44]} Qd8 {[%emt 0:02:14]} 23. Bb2 {[%emt 0:06:25]} Nc8 {[%emt 0:06:57]} 24. Rc1 {[%emt 0:03:44]} Nd6 {[%emt 0:02:09]} 25. Ba3 {[%emt 0:11:50]} h5 {[%emt 0:11:50]} 26. Bxb4 {[%emt 0:04:47]} axb4 {[%emt 0:00:04]} 27. Na2 {[%emt 0:00:04]} Ne4 {[%emt 0:09:41]} 28. Bxe4 {[%emt 0:00:20]} dxe4 {[%emt 0:00:03]} 29. Rc4 {[%emt 0:04:09]} Rxc4 {[%emt 0:03:16]} 30. bxc4 {[%emt 0:00:01]} h4 {[%emt 0:00:26]} 31. g4 {[%emt 0:00:35]} f5 {[%emt 0:02:25]} 32. Nc1 {[%emt 0:01:20]} Qa5 {[%emt 0:03:45]} 33. Qd1 {[%emt 0:00:13]} Bd6 {[%emt 0:00:47]} 34. c5 {[%emt 0:00:25]} Bb8 {[%emt 0:00:27]} 35. gxf5 {[%emt 0:00:19]} exf5 {[%emt 0:00:29]} 36. Qb3+ {[%emt 0:00:17]} Kg7 {[%emt 0:00:26]} 37. Ne2 {[%emt 0:00:11]} Qa6 {[%emt 0:00:39]} 38. Kf1 {[%emt 0:00:29]} Qd3 {[%emt 0:00:29]} 39. Qxb4 {[%emt 0:00:06]} f4 {[%emt 0:00:31]} 40. exf4 {[%emt 0:01:57]} Bxf4 {[%emt 0:00:29]} 41. Ke1 {[%emt 0:17:02]} Bg5 {[%emt 0:06:08]} 42. Qb5 {[%emt 0:05:39]} Qa3 {[%emt 0:14:23]} 43. Qd7+ {[%emt 0:06:40]} Kh6 {[%emt 0:01:44]} 44. Kf1 {[%emt 0:00:30]} Bf6 {[%emt 0:05:57]} 45. Qg4 {[%emt 0:02:19]} Qf3 {[%emt 0:02:15]} 46. d5 {[%emt 0:00:11]} Qh1+ {[%emt 0:00:31]} 47. Ng1 {[%emt 0:00:26]} e3 {[%emt 0:00:19]} 48. Qf3 {[%emt 0:00:40]} e2+ {[%emt 0:01:01]} 49. Kxe2 {[%emt 0:00:18]} Qxg1 {[%emt 0:00:04]} 50. Qxf6 {[%emt 0:00:03]} Kh5 {[%emt 0:01:44]} 51. d6 {[%emt 0:00:47]} Qb1 {[%emt 0:00:22]} 52. Qh8+ {[%emt 0:00:24]} Kg5 {[%emt 0:00:06]} 53. Qe5+ {[%emt 0:00:11]} Kh6 {[%emt 0:00:02]} 54. Qd4 {[%emt 0:00:23]} 1-0